Catálogo público

Estudio organizacional del DEIS en Ingeniería Agroindustrial : (Record no. 171298)

MARC details
000 -CABECERA
campo de control de longitud fija 03969nam a2200397 a 4500
001 - NÚMERO DE CONTROL
campo de control dia_750
003 - IDENTIFICADOR DEL NÚMERO DE CONTROL
campo de control CHAP
005 - FECHA Y HORA DE LA ÚLTIMA TRANSACCIÓN
campo de control 20251022123732.0
007 - CAMPO FIJO DE DESCRIPCIÓN FÍSICA--INFORMACIÓN GENERAL
campo de control de longitud fija ta
008 - DATOS DE LONGITUD FIJA--INFORMACIÓN GENERAL
campo de control de longitud fija 220117s1991 mx a frm 001 0 spa d
010 ## - NÚMERO DE CONTROL DE LA BIBLIOTECA DEL CONGRESO
Número de control de LC 171298
040 ## - FUENTE DE LA CATALOGACIÓN
Centro catalogador/agencia de origen mxchpua
Centro/agencia transcriptor CHAP
041 0# - CÓDIGO DE LENGUA
Código de lengua del texto/banda sonora o título independiente spa
090 ## - LOCALMENTE ASIGNADO TIPO-LC NÚMERO DE CLASIFICACIÓN (OCLC); NÚMERO DE CLASIFICACIÓN LOCAL (RLIN)
Número de clasificación (OCLC) (R) ; Numero de clasificación, CALL (RLIN) (NR) Tesis
Número cutter local (OCLC) ; Número de libro/Signatura topográfica íntegra, CALL (RLIN) R362
año 1991
100 1# - ENTRADA PRINCIPAL--NOMBRE DE PERSONA
Nombre de persona Ramírez Sepúlveda, Marco Favio
245 10 - MENCIÓN DE TÍTULO
Título Estudio organizacional del DEIS en Ingeniería Agroindustrial :
Resto del título caso práctico el manual de organización /
Mención de responsabilidad, etc. Marco Favio Ramírez Sepúlveda
264 ## - PRODUCCIÓN, PUBLICACIÓN, DISTRIBUCIÓN, FABRICACIÓN Y COPYRIGHT
Producción, publicación, distribución, fabricación y copyright Chapingo, México :
Nombre del de productor, editor, distribuidor, fabricante El autor,
Fecha de producción, publicación, distribución, fabricación o copyright 1991
300 ## - DESCRIPCIÓN FÍSICA
Extensión vi, 167 hojas :
Otras características físicas ilustraciones, tablas
336 ## - TIPO DE CONTENIDO
Fuente rdacontent
Término de tipo de contenido texto
Código de tipo de contenido txt
337 ## - TIPO DE MEDIO
Fuente rdamedia
Nombre/término del tipo de medio no mediado
Código del tipo de medio n
338 ## - TIPO DE SOPORTE
Fuente rdacarrier
Nombre/término del tipo de soporte volumen
Código del tipo de soporte nc
502 ## - NOTA DE TESIS
Nota de tesis Tesis
Tipo de título (Ingeniero Agroindustrial) --
Nombre de la institución que otorga el título UACh. Departamento de Ingeniería Agroindustrial,
Año de obtención del título 1991
504 ## - NOTA DE BIBLIOGRAFÍA, ETC.
Nota de bibliografía, etc. Bibliografía: hoja 167
520 3# - SUMARIO, ETC.
Sumario, etc. Este trabajo ha sido elaborado con el fin de proporcionar al DEIS en Ingeniería Agroindustrial un instrumento administrativo que le permita dirigir sus acciones, de manera sistemática, a la consecución de sus objetivos. La elaboración del manual fue precedida por un análisis técnico de la estructura y funciones del Departamento con el propósito de conocer de una manera ordenada sus operaciones, detectar problemáticas y sus posibles alternativas y formalizarlas en un manual de organización. El trabajo está dividido en dos partes. La Primera contiene los siguientes capítulos:<br/>I.Generalidades.<br/>II. Marco de Referencia Metodológico.<br/>III. Resultados del estudio de la problemática organizacional del<br/>DEIS en Ingeniería Agroindustrial.<br/>IV. Conclusiones.<br/>En la Segunda Parte se presenta el caso práctico de este estudio, el cual se centró en la elaboración del Manual de Organización del DEIS en Ingeniería Agroindustrial. En la Primera Parte, en el primero de éstos cuatro capítulos, se exponen las generalidades sobre el proceso administrativo, la organización y los manuales administrativos que dan una visión panorámica de los elementos, conceptos y principios administrativos involucrados en la elaboración de un manual de organización. Posteriormente, el capítulo II presenta la metodología empleada para la elaboración del presente manual considerando previamente los diferentes enfoques utilizados para dicho propósito; la Planificación del Estudio de la Problemática Actual; la Estructura de fases de la elaboración, así como la implementación y actualización de estos importantes instrumentos administrativos. El capítulo III presenta los resultados del estudio de la problemática actual detectada en el DEIS en Ingeniería Agroindustrial desglosándolos por problemática, consecuencias y recomendaciones para cada uno de los aspectos considerados: Planeación, Estructura, Funciones y Procedimientos. El último capítulo presenta las conclusiones del estudio y del caso práctico: manual de organización del DEIS en Ingeniería Agroindustrial. La Segunda Parte contiene el Manual de Organización del DEIS en Ingeniería Agroindustrial en su versión final revisada y autorizada por las instancias universitarias correspondientes y listo para su publicación. Este documento contiene: el directorio de funcionarios, antecedentes históricos, base legal y atribuciones, estructura orgánica, organigramas, objetivos y funciones del DEIS.
650 13 - PUNTO DE ACCESO ADICIONAL DE MATERIA--TÉRMINO DE MATERIA
Término de materia o nombre geográfico como elemento de entrada Organización del trabajo
Fuente del encabezamiento o término atg
Subdivisión general Manuales
650 13 - PUNTO DE ACCESO ADICIONAL DE MATERIA--TÉRMINO DE MATERIA
Término de materia o nombre geográfico como elemento de entrada Organizaciones
Fuente del encabezamiento o término atg
Subdivisión general Manuales
650 13 - PUNTO DE ACCESO ADICIONAL DE MATERIA--TÉRMINO DE MATERIA
Término de materia o nombre geográfico como elemento de entrada Organization of work
Fuente del encabezamiento o término atg
Subdivisión general Manuals, textbooks, etc.
650 13 - PUNTO DE ACCESO ADICIONAL DE MATERIA--TÉRMINO DE MATERIA
Término de materia o nombre geográfico como elemento de entrada Organizations
Subdivisión general Manuals, textbooks, etc.
700 1# - PUNTO DE ACCESO ADICIONAL--NOMBRE DE PERSONA
Nombre de persona Pérez Pelayo, Fernando
Término indicativo de función/relación director
700 1# - PUNTO DE ACCESO ADICIONAL--NOMBRE DE PERSONA
Nombre de persona Martínez Romero, Salvador
Término indicativo de función/relación asesor
700 1# - PUNTO DE ACCESO ADICIONAL--NOMBRE DE PERSONA
Nombre de persona Santos Moreno, Armando
Término indicativo de función/relación asesor
901 ## - ELEMENTOS DE DATOS A LOCAL LDA (RLIN)
a TESIS R362 1991
942 ## - ELEMENTOS DE PUNTO DE ACCESO ADICIONAL (KOHA)
Tipo de ítem Koha TESIS
Fuente del sistema de clasificación o colocación Clasificación Universidad Autónoma Chapingo
902 ## - ELEMENTOS DE DATOS B LOCAL, LDB (RLIN)
a M
905 ## - ELEMENTOS DE DATOS E LOCAL, LDE (RLIN)
a 5232271991 mx N 8222223322spa16
Holdings
Estado de retiro Estado de pérdida Fuente del sistema de clasificación o colocación Estado dañado Restricciones de uso No para préstamo Código de colección Localización permanente Ubicación/localización actual Fecha de adquisición Fuente de adquisición Total de préstamos Signatura topográfica completa Código de barras Fecha visto por última vez Número de copia Precio válido a partir de Tipo de ítem Koha
    Clasificación Universidad Autónoma de Chapingo   Préstamo 5 días   Tesis Ingenieria Agroindustrial Ingenieria Agroindustrial 18/01/2022 El autor   Tesis R362 1991 1101007252 02/02/2026 Ej.2 18/01/2022 Tesis
    Clasificación Universidad Autónoma de Chapingo   Préstamo interno   Tesis Ingenieria Agroindustrial Ingenieria Agroindustrial 18/01/2022 El autor   Tesis R362 1991 1101007251 02/02/2026 Ej.1 18/01/2022 Tesis